| 000 | 00897nam a2200253 a 4500 | ||
|---|---|---|---|
| 003 | SISC | ||
| 005 | 20170124145859.0 | ||
| 008 | 121203s19uu xx 00 eng d | ||
| 020 | _a9781848729681 | ||
| 050 |
_aHD 56.25 _b.P75 2012 |
||
| 100 | _aPritchard, Robert D. | ||
| 245 |
_aEvidence-based productivity improvement : _ba practical guide to the productivity measurement and enhancement system (ProMES) / _cRobert D. Pritchard, Sallie J. Weaver, Elissa L. Ashwood. |
||
| 260 |
_aNew York, NY : _bRoutledge, _c2012. |
||
| 300 |
_a292 pages : _c27 cm. |
||
| 440 | _aSeries in applied psychology. | ||
| 500 | _aIncludes index. | ||
| 650 |
_aIndustrial productivity _xMeasurement |
||
| 650 |
_aPerformance _xMeasurement |
||
| 650 |
_aOrganizational effectiveness _xMeasurement |
||
| 700 | _aWeaver, Sallie J. | ||
| 700 | _aAshwood, Elissa L. | ||
| 942 |
_cBK _2lcc _kFOR |
||
| 999 |
_c25411 _d25411 |
||